<?xml version="1.0" encoding="UTF-8"?>
<record
    xmlns:xsi="http://www.w3.org/2001/XMLSchema-instance"
    xsi:schemaLocation="http://www.loc.gov/MARC21/slim http://www.loc.gov/standards/marcxml/schema/MARC21slim.xsd"
    xmlns="http://www.loc.gov/MARC21/slim">

  <leader>01261nam a22001817a 4500</leader>
  <controlfield tag="005">20150310134534.0</controlfield>
  <controlfield tag="008">150310b        xxu||||| |||| 00| 0 eng d</controlfield>
  <datafield tag="040" ind1=" " ind2=" ">
    <subfield code="a">ANE</subfield>
  </datafield>
  <datafield tag="041" ind1=" " ind2=" ">
    <subfield code="a">Es</subfield>
  </datafield>
  <datafield tag="082" ind1=" " ind2=" ">
    <subfield code="a">RAD-18</subfield>
  </datafield>
  <datafield tag="100" ind1=" " ind2=" ">
    <subfield code="a">Acosta Burneo, Alberto</subfield>
    <subfield code="e">analista econ&#xF3;mico</subfield>
  </datafield>
  <datafield tag="245" ind1=" " ind2=" ">
    <subfield code="a">Alberto Acosta Burneo: &#x201C;La dependencia del petr&#xF3;leo nos est&#xE1; pasando factura&#x201D;</subfield>
  </datafield>
  <datafield tag="260" ind1=" " ind2=" ">
    <subfield code="a">Quito</subfield>
    <subfield code="b">Radio Atalaya</subfield>
    <subfield code="c">2015-03-09</subfield>
  </datafield>
  <datafield tag="300" ind1=" " ind2=" ">
    <subfield code="a">p.</subfield>
  </datafield>
  <datafield tag="520" ind1=" " ind2=" ">
    <subfield code="a">El analista econ&#xF3;mico, Alberto Acosta Burneo, manifest&#xF3; que el Ecuador tiene un Problema estructural y se trata de la dependencia del petr&#xF3;leo. &#x201C;La alt&#xED;sima dependencia del petr&#xF3;leo es un problema que se ha ido agravando en los &#xFA;ltimos a&#xF1;os con el incremento del precio del mismo; los precios del crudo caen y tenemos que hacer ajustes para enfrentarnos a la nueva realidad&#x201D; se&#xF1;al&#xF3; Acosta y asegur&#xF3; que las salvaguardias no van a incentivar inversiones sostenibles en el tiempo, y que el pa&#xED;s necesita una transformaci&#xF3;n de productividad y competitividad.


</subfield>
  </datafield>
  <datafield tag="650" ind1=" " ind2=" ">
    <subfield code="a">dependencia petr&#xF3;leo/analista econ&#xF3;mico/gobierno nacional/econom&#xED;a/medidas salvaguardias/precios crudo car/dependencia petr&#x13A;eo/ajustes realidad/transformaci&#xF3;n productividad competitividad/</subfield>
  </datafield>
  <datafield tag="942" ind1=" " ind2=" ">
    <subfield code="2">ddc</subfield>
    <subfield code="c">VM</subfield>
    <subfield code="z">IES.</subfield>
  </datafield>
  <datafield tag="999" ind1=" " ind2=" ">
    <subfield code="c">27836</subfield>
    <subfield code="d">27836</subfield>
  </datafield>
  <datafield tag="952" ind1=" " ind2=" ">
    <subfield code="0">0</subfield>
    <subfield code="1">0</subfield>
    <subfield code="2">ddc</subfield>
    <subfield code="4">0</subfield>
    <subfield code="7">0</subfield>
    <subfield code="a">AN01</subfield>
    <subfield code="b">AN01</subfield>
    <subfield code="d">2015-03-10</subfield>
    <subfield code="o">RAD-18</subfield>
    <subfield code="p">RAD-18</subfield>
    <subfield code="r">2015-03-10</subfield>
    <subfield code="w">2015-03-10</subfield>
    <subfield code="y">VM</subfield>
  </datafield>
</record>
